00610naa a22001577i 45000010005000000030009000050050017000140080040000310400026000710410008000971000136001052450098002417730085003399420013004249990015004378907KOSZ 00520180310104322.0160308s2010 pl ||||| ||||0|| ||eng  cKOSZ 005dKOSZ 005/EG0 aeng1 aBIL, Tadeusz.d1996 - .bPolitechnika Koszalińska - Wydział Mechaniczny,cKatedra Inżynierii Spożywczej i Tworzyw Sztucznych10aGeometry of a mechanism with a higher pair in the form of two elliptical tori /cTadeusz Bil.0 iW :tMechanizm and Machine Theory. -g2010, Vol. 45, nr 2, s. 185-192x0094-114X cART2UKD c8907d8907